000 00823cam a2200217 4500
001 ABS64965
008 020107n2002 000 0 eng u
035 _a(Sirsi) u116147
100 _aKay, B.
245 _aHelping yourself to a good idea
260 _c2002
490 _aLandowning in Scotland
_v(266) December 2001/January 2002, 16(1)
520 _aExplanation of the Farm Business Development Scheme, which operates in all parts of Scotland outside the Highlands and Islands Special Transitional Programme, and how it can help farmers and landowners develop new and innovative diversified enterprises
590 _aABS
650 _aFARM BUSINESS DEVELOPMENT SCHEME
650 _aFARM DIVERSIFICATION
650 _aGRANTS
650 _aSCOTLAND
690 _aRURAL-FARM BUSINESS MANAGEMENT
942 _n0
999 _c69184
_d69184